La adquisición de la lengua en el descapacitado auditivo : (Record no. 83052)

MARC details
000 -CABECERA
campo de control de longitud fija 00771nam a2200229 a 4500
005 - FECHA Y HORA DE LA ÚLTIMA TRANSACCIÓN
campo de control 20210223124227.0
008 - ELEMENTOS DE LONGITUD FIJA--INFORMACIÓN GENERAL
campo de control de longitud fija 010703s1998 ag r 000 0 spa d
020 ## - NÚMERO INTERNACIONAL NORMALIZADO PARA LIBROS
Número Internacional Estándar del Libro 9505502397
035 ## - NÚMERO DE CONTROL DEL SISTEMA
Número de control de sistema UPN01000109141
049 ## - COLECCIÓN
Colección CG
050 #4 - SIGNATURA TOPOGRÁFICA DE LA BIBLIOTECA DEL CONGRESO
Número de clasificación HV2430
Número de documento/Ítem O7.2 1998
100 1# - ASIENTO PRINCIPAL--NOMBRE PERSONAL
Nombre de persona Orri de Castorino, Rosa
245 13 - MENCIÓN DE TÍTULO
Título La adquisición de la lengua en el descapacitado auditivo :
Resto del título modos de comunicación en la sordera-ceguera /
Mención de responsabilidad, etc. Rosa Orri de Castorino.
250 ## - MENCIÓN DE EDICIÓN
Mención de edición 2a ed.
260 ## - PUBLICACIÓN, DISTRIBUCIÓN, ETC.
Lugar de publicación, distribución, etc. Buenos Aires :
Nombre del editor, distribuidor, etc. Magisterio del Rio de la Plata,
Fecha de publicación, distribución, etc. 1998.
300 ## - DESCRIPCIÓN FÍSICA
Extensión 236 p.
440 #0 - MENCIÓN DE SERIE/ASIENTO SECUNDARIO--TÍTULO
Título Respuestas educativas.
Nombre de parte o sección de la obra Educación especial
650 #4 - ASIENTO SECUNDARIO DE MATERIA - TERMINO TEMATICO
Término de materia o nombre geográfico como elemento de entrada NIÑOS SORDOS -
Subdivisión general EDUCACION
650 #4 - ASIENTO SECUNDARIO DE MATERIA - TERMINO TEMATICO
Término de materia o nombre geográfico como elemento de entrada NIÑOS CIEGOS
9 (RLIN) 19293
650 #4 - ASIENTO SECUNDARIO DE MATERIA - TERMINO TEMATICO
Término de materia o nombre geográfico como elemento de entrada EDUCACION ESPECIAL -
Subdivisión geográfica ARGENTINA
9 (RLIN) 15094
905 ## - TIPO DE MATERIAL
Tipo de material Libro
Holdings
Estado de retiro Estado de pérdida Fuente del sistema de clasificación o colocación Estado dañado No para préstamo Código de colección Localización permanente Ubicación/localización actual Ubicación en estantería Fecha de adquisición Total de préstamos Clasificación Código de barras En préstamo Fecha visto por última vez Fecha del último préstamo Número de copia Tipo de ítem Koha Renovaciones totales
    Library of Congress Classification     Colección General Bib. Gregorio Torres Quintero Bib. Gregorio Torres Quintero Planta baja 12/09/2024 18 HV2430 O7.2 1998 224207 09/06/2025 26/05/2025 26/05/2025 1 Libro  
    Library of Congress Classification     Colección General Bib. Gregorio Torres Quintero Bib. Gregorio Torres Quintero Planta baja 15/03/2022 17 HV2430 O7.2 1998 208659   29/03/2022 15/03/2022 1 Libro 1
    Library of Congress Classification     Colección General Bib. Gregorio Torres Quintero Bib. Gregorio Torres Quintero Planta baja   20 HV2430 O7.2 1998 208658   28/05/2025 13/05/2025 1 Libro  
    Library of Congress Classification     Colección General Bib. Gregorio Torres Quintero Bib. Gregorio Torres Quintero Planta baja 11/05/2022 25 HV2430 O7.2 1998 177142   13/06/2022 11/05/2022 1 Libro 1
    Library of Congress Classification     Colección General Bib. Gregorio Torres Quintero Bib. Gregorio Torres Quintero Planta baja 28/08/2024 27 HV2430 O7.2 1998 177140   25/11/2024 21/10/2024 1 Libro  
    Library of Congress Classification     Colección General Bib. Gregorio Torres Quintero Bib. Gregorio Torres Quintero Planta baja   21 HV2430 O7.2 1998 177141   31/12/2020   1 Libro